000 00497cam a2200205ua 4500
001 9491
008 160614n ii |||gr||||Z||||||eng
020 _a8175811463
040 _cMAIN
041 _aeng
082 _a823.954
100 _aRao, Raja,
_eAuthor.
245 _aKanthapura
_cby Raja Rao
250 _a23rd ed.
260 _aNew Delhi:
_bRama brothers,
_c2011.
300 _a158p.
653 _aIndian novel in english
700 _aTilak, Raghukul,
_eAuthor.,
_eAuthor.
942 _cBK
999 _c8538
_d8538